Early Childhood Studies / An Introduction to the Study of Children's Worlds and Children's Lives (Record no. 6302)
[ view plain ]
| 000 -LEADER | |
|---|---|
| fixed length control field | 01848cam a22002414a 4500 |
| 005 - ΗΜΕΡΟΜΗΝΙΑ ΚΑΙ ΩΡΑ ΤΕΛΕΥΤΑΙΑΣ ΕΝΗΜΕΡΩΣΗΣ | |
| Πεδίο ελέγχου | 20250605164238.0 |
| 008 - FIXED-LENGTH DATA ELEMENTS--GENERAL INFORMATION | |
| Πεδίο ελέγχου σταθερού μήκους | 250528s ||||||||||||||||||||||||d |
| 035 ## - SYSTEM CONTROL NUMBER | |
| System control number | 21235 |
| 020 ## - ISBN | |
| ISBN | 9781844453511 |
| 040 ## - ΠΗΓΗ ΚΑΤΑΛΟΓΟΓΡΑΦΗΣΗΣ | |
| Φορέας πρωτότυπης καταλογογράφησης | MC Athens Campus Library |
| Γλώσσα καταλογογράφησης | Ελληνικά, Μοντέρνα (1453-) |
| Modifying agency | MC Athens Campus Library |
| Κανόνες περιγραφικής καταλογογράφησης | AACR2 |
| 245 1# - ΤΙΤΛΟΣ ΚΑΙ ΔΗΛΩΣΗ ΥΠΕΥΘΥΝΟΤΗΤΑΣ | |
| Τίτλος | Early Childhood Studies / An Introduction to the Study of Children's Worlds and Children's Lives |
| 250 ## - EDITION STATEMENT | |
| Edition statement | 3rd |
| 260 ## - PUBLICATION, DISTRIBUTION, ETC. | |
| Name of publisher, distributor, etc. | Learning Matters, |
| Date of publication, distribution, etc. | 2010 |
| 300 ## - PHYSICAL DESCRIPTION | |
| Extent | 262 |
| 520 ## - SUMMARY, ETC. | |
| Summary, etc. | Seven new chapters are included in this extensively revised and updated edition, covering topics such as providing enabling environments, families and cultures, and childhoods in other countries. Contributors, Preface, Introduction, What Can Children Do? Sociocultural Factors in Development, Frameworks for Understanding Development, Active Playing and Learning, Developing Communication: Enjoying the Company of Other People, Children's Health and Well-Being: Investing in the Health of the Nation, Working with Children: Extending Opportunities for Participation, Observing Children, Providing an Enabling Environment, Tackling Inequality in the Early Years, Multi-Professional Practice: Developing Empowering Communities, Working With Colleagues, Leadership in Early Childhood Settings, The Benefits of Comparison: Recent Developments in the German Early Years Workforce, Comparing Children's Worlds: Making the Familiar Strange, Adults' Concepts of Childhood, Children's Well-Being in the Developing World, The Research and Policy and Practice Triangle in Early Childhood Education and Care, Researching Practice: Developing Critical Engagement, In Praise of Reflective Practice, Index. |
| 700 1# - ΠΡΟΣΘΕΤΗ ΑΝΑΓΡΑΦΗ--ΦΥΣΙΚΟ ΠΡΟΣΩΠΟ | |
| Personal name | Leeson Caroline |
| 9 (RLIN) | 7256 |
| 700 1# - ΠΡΟΣΘΕΤΗ ΑΝΑΓΡΑΦΗ--ΦΥΣΙΚΟ ΠΡΟΣΩΠΟ | |
| Personal name | Parker Rees Rod |
| 9 (RLIN) | 7257 |
| 700 1# - ΠΡΟΣΘΕΤΗ ΑΝΑΓΡΑΦΗ--ΦΥΣΙΚΟ ΠΡΟΣΩΠΟ | |
| Personal name | Savage Jan |
| 9 (RLIN) | 7258 |
| 700 1# - ΠΡΟΣΘΕΤΗ ΑΝΑΓΡΑΦΗ--ΦΥΣΙΚΟ ΠΡΟΣΩΠΟ | |
| Personal name | William Jenny |
| 9 (RLIN) | 7259 |
| 942 ## - ADDED ENTRY ELEMENTS (KOHA) | |
| Koha item type | Books |
| Τύπος τεκμηρίου | Βιβλιοθήκη | Τρέχουσα τοποθεσία | Barcode | Αριθμός εισαγωγής | Ημερομηνία απόκτησης | Ταξιθετικό σύμβολο | Αριθμός αντιτύπου | Κατάσταση απόσυρσης | Κατάσταση χαμένου | Κατάσταση κατεστραμμένου | Μη δανεισμός | Σύνολο δανεισμών | Ημερομηνία τελευταίας εμφάνισης | Η τιμή ισχύει από |
|---|---|---|---|---|---|---|---|---|---|---|---|---|---|---|
| Books | MC Athens Campus Library | MC Athens Campus Library | 9780000063014 | 5157 | 05/06/2025 | 305.233 PAR | 1 | 05/06/2025 | 05/06/2025 |